LEADER 01166nam a2200265 u 4500 001 000000108665 003 CaOOAMICUS 005 20071205104541.0 008 071205s2007 it u000 u ita u 020 $z978-88-8498-350-3* 040 $aPUL$bita$dLDB 100 1 $aLaffi, Umberto.$0(OLS)http://pul/name/7686 245 10$aColonie e municipi nello stato romano /$cUmberto Laffi. 260 $aRoma :$bEdizioni di Storia e Letteratura,$c2007. 300 $a278 p. ;$c25 cm. 490 1 $aStoria e letteratura ;$v239 504 $aBibliografia in nota. 651 4$aRoma$xPolitica e governo.$0(OLS)http://pul/subject/3648 830 0$aStoria e letteratura (Edizioni di storia e letteratura) ;$v239.$0(OLS)http://pul/title/1028 850 $aPUL 852 $aPUL$W1$xDP1 Cons. Gen., Altre Classi 1$y22$m1039 G 1.239$j179958$qStampati$B122803$CPULBib$Z2$F122803 $H105893 $82 941 1 $a8 996 $6020$z978-88-8498-350-3*$9(OLS)http://pul/number/136470 996 $6245$aColonie e municipi nello stato romano$9(OLS)http://pul/title/136717 996 $6260$aRoma :$bEdizioni di Storia e Letteratura$9(OLS)http://pul/publisher/48123 LEADER 01055naa a2200229 u 4500 001 000000093193 003 CaOOAMICUS 005 20070226130132.0 008 010621s1929 fr u000 u fre u 035 $a10893518 040 $aPUL(R)$bita 100 1 $aMirkine-Guetzévitch, Boris,$d1892-1955.$0(OLS)http://pul/name/60002 245 12$aL'influence de la Révolution Françcaise sur le développement du droit international dans l'Europe Orientale /$cpar B. Mirkine-Guetzévitch. 260 $a[S. l. :$bs. n.],$c1929. 300 $aP. [294-456] 504 $aBibliografia in nota. 650 4$aDiritto internazionale$xStoria.$0(OLS)http://pul/subject/14851 651 4$aFrancia$xStoria$yRivoluzione, 1789-1799.$0(OLS)http://pul/subject/5918 773 0 $tRecueil des cours$gv.II (1928) 773 0 $tRecueil des cours 1928$w()59478 996 $6245$aL'influence de la Révolution Françcaise sur le développement du droit international dans l'Europe Orientale$9(OLS)http://pul/title/120069 996 $6260$a[S. l. :$bs. n.]$9(OLS)http://pul/publisher/47882